000 00855nam a22002057a 4500
999 _c2254
_d2254
005 20230405135136.0
008 230405b ||||| |||| 00| 0 eng d
020 _a9781250090522
040 _cKH8
082 _aFIC TOU
100 _aTougas, Shelley
_eauthor
245 _aFinders keepers
_cShelley Tougas
260 _a New York,
_bSquare Fish/Roaring Brook Press,
_c2016
300 _a 280 pages ;
_b 20 cm
520 _aIn Wisconsin, ten-year-old Christa and eleven-year-old Alex team up to search for the lost treasure of Al Capone near where Alex has just moved into his grandfather's house and Christa is spending what may be her family's last summer in their cabin
650 _2AmitiƩ Romans
_anouvelles
_vetc. pour la jeunesse
650 _aCapone, Al, 1899-1947
650 _aCapone, Al, 1899-1947
_vJuvenile fiction
942 _2ddc
_cNFIC